000 00938nas a2200301 4500
001 BR0703164
003 BR-BrBNA
005 20231205110842.0
007 ta
008 230509b bl.|||p| |||| 00| 00por d
040 _aBR-BrBNA
_bpor
_cBiblioteca Nacional de Agricultura
041 _a(En, Pt)
072 _aK70; P01
100 1 _aMiranda, C.L.
100 1 _aAlencar, G. da S.
245 1 _aAspectos da atividade de caça no Parque Nacional Serra da Capivara, estado do Piauí, Brasil
650 _aPARQUE NACIONAL
650 _aPROJETO DE DESENVOLVIMENTO
650 _aANIMAL DE CAÇA
650 _aFISCALIZAÇÃO FLORESTAL
650 _aPRESERVAÇÃO DA NATUREZA
650 _aFAUNA
650 _aDADOS ESTATÍSTICOS
650 _aPIAUÍ
773 0 _tNatureza e Conservação (Brazil)
_xISSN 1679-0073
_g(Apr 2007), v. 5(1) p. 27-34
_wBR0703164
909 _a202311
_bLúcia
_c55
_dLúcia Elande
942 _2AGRIS
_n0
_cANA
999 _c189424
_d189424